ბათუმის შოთა რუსთაველის სახელმწიფო უნივერსიტეტის ბიბლიოთეკა

მრავალთავი ფილოლოგიურ - ისტორიული ძიებანი X = Мравалтави / (ბიბ.ჩანაწერი № 52512)

000 -ლიდერი
ფიქსირებული სიგრძის საკონტროლო ველი 01310nam a2200241Ia 4500
001 - საკონტროლო ნომერი
საკონტროლო ველი 19535
003 - საკონტროლო ნომრის იდენტიფიკატორი
საკონტროლო ველი GE_BSU
005 - ბოლო ოპერაციის თარიღი და დრო
საკონტროლო ველი 20200224170433.0
008 - ფიქსირებული სიგრძის მონაცემთა ელემენტები - ზოგადი ინფორმაცია
ფიქსირებული სიგრძის საკონტროლო ველი 181216s1983||||ge |||||||||||||| ||geo||
040 ## - კატალოგიზაციის წყარო
Transcribing agency GE_BSU
041 ## - ენის კოდი
Language code of text/sound track or separate title geo
080 ## - უნივერსალური ათობითი კლასიფიკაციის ინდექსი
Universal Decimal Classification number 091(=353.1) მ-90
245 ## - ცნობა სათაურის შესახებ
Title მრავალთავი ფილოლოგიურ - ისტორიული ძიებანი X = Мравалтави /
Statement of responsibility, etc სარედ. კოლ. ც. აბულაძე, მ. მამაცაშვილი და სხვ. ; მთავ. რედ. ე. მეტრეველი, ტომის რედ. ე. მეტრეველი.
264 ## - წარმოების, გამოცემის, დისტრიბუციის და სხვა ცნობები
გამოცემის, წარმოების, დისტრიბუციის... ადგილი თბილისი :
გამოცემის, წარმოების, დისტრიბუციის... სახელწოდება მეცნიერება,
გამოცემის, წარმოების, დისტრიბუციის... თარიღი 1983
300 ## - ფიზიკური აღწერა
Extent 305 გვ. ;
Dimensions 26 სმ.
520 ## - SUMMARY, ETC.
Summary, etc ეძღვნება ილია აბულაძის დაბადებიდან 80 წლისთავს
653 ## - INDEX TERM--UNCONTROLLED
Uncontrolled term ქართული ენა
653 ## - INDEX TERM--UNCONTROLLED
Uncontrolled term ქართული ენის ისტორია
700 ## - ADDED ENTRY--PERSONAL NAME
Personal name მეტრეველი, ე.
Relator term რედაქტორი
9 (RLIN) 1788
710 ## - ADDED ENTRY--CORPORATE NAME
Corporate name or jurisdiction name as entry element საქ. სსრ მეცნ. აკად. კ. კეკლიძის ხელნაწერთა ინ-ტი
9 (RLIN) 7402
942 ## - ADDED ENTRY ELEMENTS (KOHA)
Koha item type წიგნი
Source of classification or shelving scheme
ეგზემპლარები
ჩამოწერის სტატუსი დაკარგული ეგზემპლარის სტატუსი კლასიფიკაციის წყარო ან თაროზე გაწყობის სქემა დაზიანების სტატუსი არ გაიცემა მუდმივი მდებარეობა (დაცვის ადგილი) ამჟამინდელი ადგილსამყოფელი თაროზე განთავსების ადგილი შეძენის თარიღი ღირებულება, შესყიდვის ნორმალური ფასი სრული შენახვის შიფრი შტრიხკოდი ბოლო ოპერაციის თარიღი ეგზემპლარის მიმდევრობითი ნომერი (კეტერი?) ფასის ძალაში შესვლის თარიღი ეგზემპლარის სახეობა საჯარო შენიშვნა
          ბათუმის შოთა რუსთაველის სახელმწიფო უნივერსიტეტის მთავარი ბიბლიოთეკა ბათუმის შოთა რუსთაველის სახელმწიფო უნივერსიტეტის მთავარი ბიბლიოთეკა წიგნსაცავი 2018-12-17 5.00 091(=353.1) მ-90 51605 2018-12-17 51605 2018-12-17 წიგნი 5.00 ლ.